Normal view
MARC view
Entry Topical Term
001 - CONTROL NUMBER
- control field: 21401
003 - CONTROL NUMBER IDENTIFIER
- control field: ARRUPE
005 - DATE AND TIME OF LATEST TRANSACTION
- control field: 20151218090814.0
008 - FIXED-LENGTH DATA ELEMENTS
- fixed length control field: 151218|| aca||aabn | a|a d
040 ## - CATALOGING SOURCE
- Original cataloging agency: ARRUPE
- Transcribing agency: ARRUPE
150 ## - HEADING--TOPICAL TERM
- Topical term or geographic name as entry element: Names, Geographical
- General subdivision: Gold Coast
670 ## - SOURCE DATA FOUND
- Source citation: Work cat.: (ARRUPE): Christaller, Johann Gottreich 21399, A Dictionary of Asante amf Dante Language called Tshi, 2013